| 000 | 00446nam a2200169 i 4500 | ||
|---|---|---|---|
| 001 | bg | ||
| 100 | 1 | _aALBIŃSKA, Danuta | |
| 245 | 0 |
_aZbiór zadań z wytrzymałości materiałów / _cDanuta Albińska, Janusz Walczak. T.2. |
|
| 250 | _aWyd.2 zm. | ||
| 260 |
_aKraków, _c1981. |
||
| 700 | 1 | _aWALCZAK, Janusz | |
| 040 | _cBPK | ||
| 041 | _apol | ||
| 080 | _a539.3/.6(075.8)(076) | ||
| 942 | _cKS | ||
| 008 | s pl f |000 0 pol | ||
| 999 |
_c20337 _d20337 |
||
| 856 |
_uhttp://koha.tu.koszalin.pl/cgi-bin/koha/opac-detail.pl?biblionumber=20337 _yKatalog online BPK |
||